000 00566cam a22001934a 4500
005 20250605164159.0
008 250528s ||||||||||||||||||||||||d
035 _a19730
020 _a9607510941
040 _aGR-AtMCL
_bgre
_dGR-AtMCL
_eAACR2
245 1 _aΑΝΑΛΥΣΗ ΦΟΡΕΩΝ ΜΕ ΤΗ ΜΕΘΟΔΟ ΤΩΝ ΠΕΠΕΡΑΣΜΕΝΩΝ ΣΤΟΙΧΕΙΩΝ
250 _a1
260 _bΠαπασωτηρίου,
_c2001
300 _a553
700 1 _aΠαπαδρακακης Μανολης
_95934
942 _cBK
999 _c4986
_d4986